000 00558nam a2200205Ia 4500
005 20250508151937.0
008 008 250505s9999 xx 000 0 eng d
037 _aTextual
040 _aFEDL
_beng
_cFEDL
041 _aeng
_2eng
084 _a150.1943, SPE
_qFEDL
100 _aSpence Kenneth W
245 0 _aBehavior theory and conditioning
260 _aNew Haven
_bYale University Press
_c1956
300 _avii,262p.
365 _aINR
_b23
650 _aPsychology
942 _cTEXL
_h150.1943, SPE
999 _c1333125
_d1333125